Exercise Physiology:Thematic Approach (Record no. 9103)
[ view plain ]
| 000 -LEADER | |
|---|---|
| fixed length control field | 00399nam a2200157Ia 4500 |
| 008 - FIXED-LENGTH DATA ELEMENTS--GENERAL INFORMATION | |
| fixed length control field | 230312s9999||||xx |||||||||||||| ||und|| |
| 020 ## - INTERNATIONAL STANDARD BOOK NUMBER | |
| International Standard Book Number | 0-470-84682-8 |
| 082 ## - DEWEY DECIMAL CLASSIFICATION NUMBER | |
| Classification number | 612.76 |
| Item number | HAL-E |
| 100 ## - MAIN ENTRY--PERSONAL NAME | |
| Personal name | Hale;Tudor |
| 245 #0 - TITLE STATEMENT | |
| Title | Exercise Physiology:Thematic Approach |
| 260 ## - PUBLICATION, DISTRIBUTION, ETC. | |
| Name of publisher, distributor, etc. | John wiley & Sons |
| Place of publication, distribution, etc. | UK |
| Date of publication, distribution, etc. | 1 |
| 300 ## - PHYSICAL DESCRIPTION | |
| Extent | 340 |
| 546 ## - LANGUAGE NOTE | |
| Language note | Eng. |
| 650 ## - SUBJECT ADDED ENTRY--TOPICAL TERM | |
| Topical term or geographic name entry element | Physiotherapy |
| Form subdivision | Exercise Physiology |
| 942 ## - ADDED ENTRY ELEMENTS (KOHA) | |
| Koha item type | BOOK |
| Withdrawn status | Lost status | Source of classification or shelving scheme | Damaged status | Not for loan | Home library | Current library | Date acquired | Total Checkouts | Full call number | Barcode | Date last seen | Price effective from | Koha item type |
|---|---|---|---|---|---|---|---|---|---|---|---|---|---|
| Dewey Decimal Classification | Superior Information Resource Center (SIRC) Superior University- Main Campus | Superior Information Resource Center (SIRC) Superior University- Main Campus | 03/13/2023 | 612.76 HAL-E | 9213 | 03/13/2023 | 03/13/2023 | BOOK |
